000 00720nam a22001577a 4500
008 210503b ||||| |||| 00| 0 eng d
020 _a9780691150451
082 _a338.9 ESC
100 _aEscobar, Arturo
245 _aEncountering development : the making and unmaking of the third world
260 _aPrinceton, N.J. :
_bPrinceton University Press,
_c2012.
300 _axlvii, 290 p. ;
_c24 cm.
500 _aOriginally published: 1995. Paperback reissue, with a new preface by the author. Includes bibliographical references (p. [227]-274) and index.
650 _a Economic development. Economic history--1945- Developing countries--Economic conditions. Developing countries--Social conditions.
942 _2ddc
999 _c8712
_d8713